Statistics for all fnaf special delivery skins

Click here to take the quiz!

General Stats

  • This quiz has been taken 51 times
    (32 since last reset)
  • The average score is 12 of 37

Answer Stats

themeanimatronic skin% Correct
chocolatechocolate bonnie
78%
christmasfreddy frostbear
72%
eastereaster bonnie
67%
saint patricks dayshamrock freddy
56%
arcadeVR toy freddy
56%
4th of julyfirework freddy
50%
arcadehighscore toy chica
50%
4th of julyliberty chica
50%
chocolatemelted chocolate bonnie
50%
nuclearradioactive foxy
44%
circusclown springtrap
39%
circusringmaster foxy
39%
arcadesystem error toy bonnie
39%
nucleartoxic springtrap
39%
fairy talebig bad foxy
33%
valentines dayblack heart bonnie
28%
winter wonderlandblack ice frostbear
28%
circusmagician mangle
28%
haunted forestwoodland toy freddy
28%
arcade8-bit baby
22%
firebroiler baby
22%
day of the deadcatrina toy chica
22%
under waterdark water endo
22%
fireflamethrower endo
22%
fairy talelittle red chica
22%
aztecthe curse
22%
winter wonderlandarctic ballora
17%
haunted forestboulder toy bonnie
17%
fireflamming springtrap
17%
winter wonderlandfrost plushtrap
17%
valentines dayheartsick baby
17%
aztecserpent mangle
17%
under watersunken toy bonnie
17%
winter wonderlandfrostbite bb
11%
firescorching chica
11%
haunted forestswamp bb
11%
under waterpirahna plushtrap
6%

Score Distribution

Percentile by Number Answered

Percent of People with Each Score

Your Score History

You have not taken this quiz since the last reset